|
|
|
|
| LEADER |
00000nta a2200000 i 4500 |
| 001 |
dolg20776 |
| 005 |
20190509103318.0 |
| 008 |
190509suuuu hu o 000 hun d |
| 040 |
|
|
|a BGE Dolgozattár Repozitórium
|b hun
|
| 041 |
|
|
|a hu
|
| 100 |
1 |
|
|a Kardos Krisztina
|
| 245 |
1 |
2 |
|a A munkahelyi mentális egészségfejlesztés lehetősége a GYSEV Csoportnál
|c Kardos Krisztina
|h [elektronikus dokumentum]
|
| 695 |
|
|
|a GYSEV
|
| 695 |
|
|
|a Egészségfejlesztés
|
| 700 |
1 |
|
|a Sipeki dr Irén
|e ths
|
| 856 |
4 |
0 |
|u http://dolgozattar.uni-bge.hu/20776/1/SZAKDOLGOZAT%20KARDOS%20KRISZTINA_felt%C3%B6lt%C3%A9s.pdf
|z Dokumentum-elérés
|
| 856 |
4 |
0 |
|u http://dolgozattar.uni-bge.hu/20776/7/Titkos%C3%ADt%C3%A1si_k%C3%A9relem_Kardos_Krisztina.pdf
|z Dokumentum-elérés
|